000 00419nam a22001577a 4500
999 _c17630
_d17630
003 OSt
005 20221118140652.0
008 221118b ||||| |||| 00| 0 eng d
040 _c0
100 _aDumlao-Abadilla, Doris.
_946829
245 _aLocal stocks seen trading lower this week /
260 _aPhilippines :
_bInquirer,
_cMarch 2, 2020.
300 _apage B4.
650 _aBusiness.
_946830
942 _2ddc
_cPER